000 00779nam a2200253 i 4500
001 133657
003 ES-MaACL
005 20230906194505.0
007 t|
008 070824s1977 fr ||||1| fre d
080 _a17
100 1 _aGoldsschmidt, Victor.
_957692
245 1 3 _aLe système stoïcien et l'idée de temps /
_cpar Victor Goldschmidt.
250 _a3e ed.
260 _aParis :
_bLibrairie Philosophique J. Vrin,
_c1977.
300 _a265 p. ;
_c22 cm.
490 1 _aBibliothèque d'histoire de la philosophie
500 _aBiblioteca Jacinto Martínez Lacalle.
500 _aIndices.
650 1 4 _aEstoicismo.
_912555
830 0 _aBibliothèque d'histoire de la philosophie
_9177275
852 _aES-MaACL
_jE-12015
_bR.139939
999 _c133657
_d133657